| 000 | 00850nam a22001577a 4500 | ||
|---|---|---|---|
| 008 | 260113b |||||||| |||| 00| 0 eng d | ||
| 020 | _a9780521388559 | ||
| 050 | _aTA 418.9 .C6 Hul | ||
| 100 |
_95166 _aHull, D. _eauthor |
||
| 245 |
_aAn introduction to composite materials _c/ by D. Hull and T. W. Clyne |
||
| 250 | _aSecond | ||
| 260 |
_aCambridge : _bCambridge University Press, _c1996 |
||
| 300 | _axvi, 326 pages : illustrations | ||
| 500 | _a"This book provides scientists and engineers with a comprehensive understanding of composite materials, which form an important class of engineering materials. In describing their production, properties and usage, the book crosses the borders of many disciplines, from the physics and chemistry of the materials themselves, to their design and applications in engineering."--Back cover | ||
| 942 | _2lcc | ||
| 999 |
_c86614 _d86614 |
||